000 00283nam a22001097a 4500
008 230704b xxu||||| |||| 00| 0 eng d
082 _a341.08
_bTIT 1954
245 _aSurvey of International Affairs 1951
260 _bOxford University Press
_c1954
300 _a505p
942 _2ddc
_cBK
999 _c3722
_d3722